000 00278nam a2200097Ia 4500
005 20251222154311.0
008 251222s9999||||xx |||||||||||||| ||spa||
082 _aREF.985.008/C76/T.XXI
245 0 _aAsuntos económicos: Informes y oficios del tribunal del consulado
942 _cLIB
999 _c33400
_d33400